[Event "SC Weiße Dame Ulm - SF Deizisau 2"]
[Site "?"]
[Date "2022.04.10"]
[Round "8.6"]
[White "Berning, Boris"]
[Black "Koellner, Christof"]
[Result "0-1"]
[WhiteElo "2162"]
[BlackElo "2100"]
[PlyCount "84"]
[EventDate "2022.??.??"]

1. e4 d6 2. d4 Nf6 3. Nc3 e5 4. Nge2 c6 5. h3 h5 6. Be3 Be7 7. g3 b5 8. a3 Qc7
9. Bg2 Nbd7 10. Qd2 a5 11. f4 Ba6 12. O-O O-O 13. Nd1 Rfe8 14. Nf2 Bf8 15. g4
b4 16. axb4 axb4 17. Rfe1 Bxe2 18. Rxa8 Rxa8 19. Qxe2 g6 20. Bf3 hxg4 21. hxg4
Bg7 22. dxe5 dxe5 23. f5 gxf5 24. gxf5 Kf8 25. Qc4 c5 26. Nd3 Rc8 27. Ra1 Ke8
28. Ra6 Bf8 29. Nf2 Be7 30. Nh3 Nb6 31. Qb5+ Nfd7 32. Ng5 Qd8 33. Nh7 Rb8 34.
Qc6 Qc8 35. Rxb6 Qxc6 36. Rxc6 f6 37. Bh5+ Kd8 38. Bh6 Rc8 39. Ra6 Kc7 40. Ra7+
Kc6 41. Bf7 c4 42. Be6 Bc5+ 0-1

[Event "SC Weiße Dame Ulm - SF Deizisau 2"]
[Site "?"]
[Date "2022.04.10"]
[Round "8.7"]
[White "Brenner, Markus"]
[Black "Mierzwa, Robert"]
[Result "1-0"]
[WhiteElo "2082"]
[BlackElo "1960"]
[PlyCount "127"]
[EventDate "2022.??.??"]

1. e4 c5 2. d4 cxd4 3. c3 Nf6 4. e5 Nd5 5. Qxd4 e6 6. Nf3 Nc6 7. Qe4 d6 8. Bb5
Bd7 9. c4 Ndb4 10. a3 d5 11. Qe2 Qa5 12. Bd2 dxc4 13. Qxc4 Rc8 14. O-O a6 15.
Bxc6 Rxc6 16. Bxb4 Qa4 17. Qd4 Bxb4 18. Qxb4 Qxb4 19. axb4 Rb6 20. Rd1 Rxb4 21.
Rd2 Ke7 22. Nc3 Rc8 23. Rad1 Rc7 24. Nd4 a5 25. Rc1 Rbc4 26. Rdd1 Ba4 27. Rd2
Be8 28. Ra1 a4 29. f4 R7c5 30. Kf2 f6 31. exf6+ gxf6 32. g3 b5 33. Ke3 Bd7 34.
Ne4 Rc8 35. Ne2 Ra8 36. Nxf6 Bc6 37. Ng4 Re4+ 38. Kf2 b4 39. Ne5 Bb5 40. Kf3
Rxe2 41. Rxe2 Bxe2+ 42. Kxe2 Kd6 43. Kd3 Kd5 44. Nc4 Kc5 45. Ne5 Kd5 46. Kd2
Kd4 47. Rc1 Kd5 48. Nc6 b3 49. Nb4+ Kd4 50. Nc6+ Kd5 51. Ne5 Ra7 52. Kd3 h5 53.
Nc4 h4 54. Ra1 hxg3 55. hxg3 Kc5 56. Nd2 Kb4 57. Ne4 Rd7+ 58. Ke3 Rc7 59. Nc3
Rxc3+ 60. bxc3+ Kb5 61. Kd3 b2 62. Rb1 a3 63. Rxb2+ axb2 64. Kc2 1-0

[Event "SK Bebenhausen - Heilbronner SV"]
[Site "?"]
[Date "2022.04.10"]
[Round "8.1"]
[White "Wenninger, Philipp"]
[Black "Braun, Georg"]
[Result "1/2-1/2"]
[WhiteElo "2390"]
[BlackElo "2399"]
[PlyCount "65"]
[EventDate "2022.??.??"]

1. a3 g6 2. Nf3 Bg7 3. d4 Nf6 4. c3 b6 5. g3 Bb7 6. Bg2 O-O 7. O-O c5 8. b4
cxd4 9. cxd4 d6 10. Bb2 Nbd7 11. Nc3 Ne4 12. Nxe4 Bxe4 13. Rc1 Qb8 14. Ne1 Bxg2
15. Nxg2 Qb7 16. Qd3 Rac8 17. e4 Rxc1 18. Rxc1 Rc8 19. Rxc8+ Qxc8 20. Ne3 e6
21. b5 Nf6 22. f3 d5 23. e5 Ne8 24. a4 f6 25. f4 fxe5 26. fxe5 Bh6 27. Ng4 Bc1
28. Qf1 Bxb2 29. Nh6+ Kg7 30. Qf7+ Kxh6 31. Qf8+ Kh5 32. Qf3+ Kh6 33. Qf8+
1/2-1/2

[Event "SK Bebenhausen - Heilbronner SV"]
[Site "?"]
[Date "2022.04.10"]
[Round "8.3"]
[White "Degenhard, Simon"]
[Black "Latzke, Boris"]
[Result "1/2-1/2"]
[WhiteElo "2234"]
[BlackElo "2164"]
[PlyCount "80"]
[EventDate "2022.??.??"]

1. d4 Nf6 2. Nf3 e6 3. e3 c5 4. Bd3 b6 5. O-O Bb7 6. c4 Be7 7. Nc3 cxd4 8. exd4
d5 9. cxd5 Nxd5 10. Bb5+ Bc6 11. Qa4 Bxb5 12. Qxb5+ Qd7 13. Qxd7+ Nxd7 14. Nxd5
exd5 15. Re1 f6 16. Bd2 Kf7 17. Nh4 g6 18. g3 Rac8 19. Ng2 Nb8 20. Nf4 Rhd8 21.
Rac1 Nc6 22. Kg2 g5 23. Ne2 Bf8 24. a3 Re8 25. Be3 Na5 26. Rxc8 Rxc8 27. Rc1
Nc4 28. Kf3 Re8 29. Nc3 Ke6 30. Rc2 Rc8 31. Bc1 Nd6 32. Ke2 Ne4 33. f3 Nxc3+
34. Rxc3 Rxc3 35. bxc3 b5 36. g4 Bd6 37. h3 Be7 38. Kd3 f5 39. Kc2 f4 40. Kb3
Kd7 1/2-1/2

[Event "SK Bebenhausen - Heilbronner SV"]
[Site "?"]
[Date "2022.04.10"]
[Round "8.4"]
[White "Roth, Juergen Eugen"]
[Black "Zuferi, Enis"]
[Result "0-1"]
[WhiteElo "2164"]
[BlackElo "2335"]
[PlyCount "50"]
[EventDate "2022.??.??"]

1. c4 e5 2. Nc3 Nf6 3. g3 Bb4 4. Bg2 O-O 5. e4 Bxc3 6. bxc3 c6 7. Ne2 d5 8.
cxd5 cxd5 9. exd5 Nxd5 10. O-O Nc6 11. Bb2 Be6 12. d4 Nb6 13. dxe5 Nc4 14. Qc2
N6xe5 15. Nf4 Bg4 16. h3 Bf3 17. Bxf3 Nxf3+ 18. Kg2 Qb6 19. Nd5 Qc5 20. Qf5
Nfe5 21. Rad1 Rad8 22. Qe4 f5 23. Qd4 Qxd4 24. Ne7+ Kf7 25. cxd4 Nxb2 0-1

[Event "SK Bebenhausen - Heilbronner SV"]
[Site "?"]
[Date "2022.04.10"]
[Round "8.5"]
[White "Pogan, Nikolas"]
[Black "Frick, Christoph"]
[Result "1/2-1/2"]
[WhiteElo "2234"]
[BlackElo "2093"]
[PlyCount "130"]
[EventDate "2022.??.??"]

1. d4 d5 2. c4 c6 3. Nf3 Nf6 4. e3 Bg4 5. Nc3 e6 6. Qb3 Qb6 7. Nh4 Nbd7 8. h3
Bh5 9. g4 Bg6 10. Nxg6 hxg6 11. Bg2 g5 12. e4 Nxe4 13. Nxe4 dxe4 14. Bxg5 Qxd4
15. Rd1 Qb6 16. Bxe4 Bb4+ 17. Kf1 Nc5 18. Qc2 Nxe4 19. Qxe4 Be7 20. Bc1 Rd8 21.
Rxd8+ Qxd8 22. Kg2 Bc5 23. Qe2 Qh4 24. Bf4 O-O 25. Rd1 Rd8 26. Bg3 Qe7 27.
Rxd8+ Qxd8 28. Be5 Bd4 29. Qd2 Bb6 30. Qxd8+ Bxd8 31. f4 f6 32. Bd4 a6 33. Kf3
Kf7 34. f5 exf5 35. gxf5 g5 36. Kg4 Ba5 37. Bf2 Bd2 38. b3 Bc3 39. Kh5 Be5 40.
Kg4 Bb2 41. Bg3 Bc3 42. Bd6 Be1 43. a4 Bc3 44. Kf3 Bd2 45. b4 Ke8 46. b5 axb5
47. axb5 Kd7 48. Bc5 Bc1 49. Kg4 Ke8 50. Kf3 Kd7 51. Ke2 Bf4 52. Kd3 Bc7 53.
Kc2 Be5 54. Kd3 Bc7 55. Bb4 Ke8 56. bxc6 bxc6 57. Ke4 Kd7 58. Bc5 Bb8 59. Bd4
Ke7 60. Kd3 Bc7 61. Kc2 Be5 62. Bc5+ Bd6 63. Bb6 Be5 64. Bc5+ Bd6 65. Bb6 Be5
1/2-1/2

[Event "SK Bebenhausen - Heilbronner SV"]
[Site "?"]
[Date "2022.04.10"]
[Round "8.6"]
[White "Carstens, Andreas"]
[Black "Huber, Philipp"]
[Result "1-0"]
[WhiteElo "2122"]
[BlackElo "2228"]
[PlyCount "85"]
[EventDate "2022.??.??"]

1. e4 c5 2. Nf3 e6 3. d4 cxd4 4. Nxd4 Bc5 5. Nb3 Bb6 6. Nc3 Ne7 7. Bd3 Nbc6 8.
Qe2 Ne5 9. Be3 N7g6 10. O-O-O Qf6 11. Bxb6 axb6 12. g3 Nf3 13. Qe3 O-O 14. Be2
Nge5 15. Qxb6 d6 16. Rxd6 Bd7 17. Rhd1 Bc6 18. h4 Qe7 19. Qe3 Nh2 20. Qc5 Qf6
21. f4 Neg4 22. a3 Qg6 23. Bd3 Rfc8 24. Qg5 Ne3 25. Qxg6 hxg6 26. Re1 Nhg4 27.
Kd2 Kf8 28. Rxe3 Nxe3 29. Kxe3 Ke7 30. e5 f6 31. Nd4 Bd7 32. Rb6 fxe5 33. fxe5
Rc5 34. Rxb7 Rxe5+ 35. Ne4 Kd8 36. c4 Kc8 37. Rb4 Kc7 38. Nf3 Rea5 39. Neg5 Kd6
40. Bxg6 Bc6 41. Nd4 Re5+ 42. Kd3 Re1 43. Nxc6 1-0

[Event "SK Bebenhausen - Heilbronner SV"]
[Site "?"]
[Date "2022.04.10"]
[Round "8.7"]
[White "Dudek, Richard"]
[Black "Khadempour, Farhad"]
[Result "0-1"]
[WhiteElo "2217"]
[BlackElo "2163"]
[PlyCount "86"]
[EventDate "2022.??.??"]

1. e4 e6 2. d4 d5 3. Nd2 c5 4. exd5 exd5 5. Bb5+ Bd7 6. Qe2+ Be7 7. dxc5 Nf6 8.
Nb3 O-O 9. Be3 Re8 10. O-O-O Qc7 11. Kb1 a6 12. Bxd7 Nbxd7 13. Nf3 Nxc5 14.
Nxc5 Bxc5 15. Nd4 Rac8 16. Rd3 Re4 17. f3 Ree8 18. Qd2 Qb6 19. Bg5 Re5 20. Rb3
Qd8 21. Rd3 Qb6 22. Rd1 h6 23. Bf4 Bxd4 24. Rxd4 Re6 25. g4 Qb5 26. Rd3 Rce8
27. Re3 Qc4 28. Rxe6 Rxe6 29. Be3 Nd7 30. b3 Qc8 31. Bf4 Nf6 32. h4 Qe8 33. Qb4
Qc6 34. Qd4 Re2 35. Bd2 Qe6 36. g5 hxg5 37. hxg5 Ne8 38. Rh1 Qf5 39. Qh4 f6 40.
Qh8+ Kf7 41. Rg1 Qg6 42. Kc1 fxg5 43. Rxg5 Qf6 0-1

[Event "SK Bebenhausen - Heilbronner SV"]
[Site "?"]
[Date "2022.04.10"]
[Round "8.8"]
[White "Kasueschke, Lars"]
[Black "Geshnizjani, Ramin"]
[Result "0-1"]
[WhiteElo "1980"]
[BlackElo "2135"]
[PlyCount "104"]
[EventDate "2022.??.??"]

1. d4 d5 2. c4 e6 3. Nf3 Nf6 4. g3 Be7 5. Bg2 O-O 6. O-O dxc4 7. Qc2 a6 8. a4
Bd7 9. Qxc4 Bc6 10. Bf4 Nbd7 11. Nc3 Nb6 12. Qb3 a5 13. Rfd1 Bb4 14. Ne5 Bxg2
15. Kxg2 Nbd5 16. Bg5 h6 17. Bxf6 Nxf6 18. Rac1 Rb8 19. d5 exd5 20. Nxd5 Nxd5
21. Rxd5 Qe7 22. f4 Rbd8 23. Rcd1 Rd6 24. Kf1 Qe6 25. Qf3 c6 26. f5 Rxd5 27.
fxe6 fxe6 28. Nd3 Rxf3+ 29. exf3 Kf7 30. Ke2 Ke7 31. Nxb4 axb4 32. Rc1 Kd6 33.
Ke3 Re5+ 34. Kd3 Rd5+ 35. Ke3 c5 36. f4 Rd4 37. a5 Kd5 38. Ra1 Re4+ 39. Kd2 Kc4
40. Rc1+ Kb5 41. b3 c4 42. bxc4+ Rxc4 43. Re1 b3 44. Rxe6 Kxa5 45. Re1 Ka4 46.
Kd3 b5 47. Rb1 Ka3 48. Ra1+ Kb2 49. Ra5 Rc3+ 50. Kd2 Rc2+ 51. Ke3 Kb1 52. Rxb5
b2 0-1